Programový sborník ... výročního sjezdu českých a slovenských revmatologů /

Korporativní autor: Česká revmatologická společnost ČLS JEP
Další autoři: Výroční sjezd českých a slovenských revmatologů, Slovenská reumatologická spoločnosť
Jazyk: Slovenština
Čeština
Angličtina
Vydáno: [Praha] : [Česká revmatologická společnost ČLS JEP], [1969?]-
Témata:
Fyzický popis: ^^^svazků ; 21 cm
Odebírané svazky: 56(2012), 60(2016), 62(2018), 64(2021), 66(2023)-
Language note: Částečně anglický a slovenský text
Noviny a časopisy
Uloženo v:
LEADER 03504nas a2200709 i 4500
001 nkc20142627905
003 CZ PrNK
005 20240119125141.0
007 ta
008 141002c19699999xr ar 1 b0cze
015 |a cnb002627905  |z cnb002395477 
035 |a (OCoLC)820694015 
035 |a (OCoLC)894846683 
040 |a OLA001  |b cze  |d ABA001  |d BOA001  |e rda 
041 0 |a cze  |a eng  |a slo 
072 7 |a 616  |x Patologie. Klinická medicína  |2 Konspekt  |9 14 
080 |a 616-002.77  |2 MRF 
080 |a (062.534)  |2 MRF 
080 |a (048.3)  |2 MRF 
111 2 |a Výroční sjezd českých a slovenských revmatologů  |7 kn20101027008  |4 aut 
245 1 0 |a Programový sborník ... výročního sjezdu českých a slovenských revmatologů /  |c pořadatelé Česká revmatologická společnost ČLS JEP a Slovenská reumatologická spoločnosť SLS 
246 3 |a ... výroční sjezd českých a slovenských revmatologů - programový sborník 
246 3 |a Sjezd českých a slovenských revmatologů - programový sborník 
264 1 |a [Praha] :  |b [Česká revmatologická společnost ČLS JEP],  |c [1969?]- 
300 |a ^^^svazků ;  |c 21 cm 
310 |a 1x ročně 
336 |a text  |b txt  |2 rdacontent 
337 |a bez média  |b n  |2 rdamedia 
338 |a svazek  |b nc  |2 rdacarrier 
500 |a Název z obálky 
500 |a Součástí názvu je řadová číslovka 
500 |a Od ročníku 64 (2021) označeno jako programový sborník s abstrakty 
500 |a Přílohou ročníku 62 (2018) je dotisk části programu sjezdu (1 list, 21 x 15 cm) 
500 |a Jednotlivé svazky mají ISBN 
515 |a Liché ročníky se konají a sborníky vycházejí na Slovensku 
546 |a Částečně anglický a slovenský text 
541 |c pv-r 
588 |a Popsáno podle: 56 (2012)  |5 CZ-PrNK 
650 0 7 |a revmatologie  |7 ph125157  |2 czenas 
650 0 9 |a rheumatology  |2 eczenas 
655 7 |a sborníky konferencí  |7 fd133333  |2 czenas 
655 7 |a abstrakta  |7 fd131780  |2 czenas 
655 9 |a proceedings of conferences  |2 eczenas 
655 9 |a abstracts  |2 eczenas 
710 2 |a Česká revmatologická společnost ČLS JEP  |7 mzk2003198558  |4 orm 
710 2 |a Slovenská reumatologická spoločnosť  |7 xx0083003  |4 orm 
902 |a 978-80-260-2902-1  |q (56,2012 ;  |q brožováno)  |z 978-80-260-2901-1 
902 |a 978-80-905454-4-1  |q (58,2014 ;  |q brožováno) 
902 |a 978-80-905454-8-9  |q (60,2016 ;  |q brožováno) 
902 |a 978-80-906582-2-6  |q (62,2018 ;  |q brožováno) 
902 |a 978-80-906582-7-1  |q (64,2021 ;  |q brožováno) 
902 |a 978-80-908509-3-4  |q (66,2023 ;  |q brožováno) 
910 2 |a BOA001  |b 2-1294.305  |s 56(2012), 60(2016), 62(2018), 64(2021), 66(2023)- 
928 9 |a Česká lékařská společnost J.E. Purkyně, Česká revmatologická společnost 
990 |a SE 
995 |a 01 
991 |b 231204 
996 6 |b 2610528420  |c 2-1294.305  |d 2012 56  |v 56  |y 2012  |l MZK  |r Sklad / do 1 hodiny  |n 0  |p p.v.  |w 001298502  |u 000010  |a 1  |e BOA001  |j MZK50  |s P 
996 6 |b 2610681544  |c 2-1294.305  |d 2016 60  |v 60  |y 2016  |l MZK  |r Sklad / do 1 hodiny  |n 0  |p p.v.  |w 001298502  |u 000020  |a 1  |e BOA001  |j MZK50  |s P 
996 6 |b 2610752886  |c 2-1294.305  |d 2018 62  |v 62  |y 2018  |l MZK  |r Sklad / do 1 hodiny  |n 0  |p p.v.  |w 001298502  |u 000030  |a 1  |e BOA001  |j MZK50  |s P 
996 6 |b 2610880976  |c 2-1294.305  |d 2021 64  |v 64  |y 2021  |l MZK  |r Sklad / do 1 hodiny  |n 0  |p p.v.  |w 001298502  |u 000040  |a 1  |e BOA001  |j MZK50  |s P 
996 6 |b 2610954119  |c 2-1294.305  |d 2023 66  |v 66  |y 2023  |l MZK  |r Sklad / do 1 hodiny  |n 0  |w 001298502  |u 000050  |a 1  |e BOA001  |j MZK50  |s P